| 000 | 01483nam a22002657a 4500 | ||
|---|---|---|---|
| 999 |
_c21952 _d21952 |
||
| 003 | AR-CdUCM | ||
| 008 | 190425b ||||| |||| 00| 0 spa d | ||
| 040 |
_aMUNICIPALIDAD PROVINCIAL DEL CUSCO _cBIBLIOTECA MUNICIPAL DEL CUSCO |
||
| 082 | _aCantua/N°7-8/1980 | ||
| 245 |
_aRevista Cantua / _cÓrgano del Centro de estudiantes de Ciencias Biológicas |
||
| 260 |
_aCusco : _bÓrgano del Centro de estudiantes de Ciencias Biológicas, _c1980. |
||
| 300 |
_a107 páginas. : _bilustraciones ; _c29 cm. |
||
| 440 |
_aCantua _nNúmero 7,8. año 1980. _946973 |
||
| 505 | _aContenido: Los mamíferos colectados por Otto Garlepp. Ismael Cevallos Bendezú. -- Aves dañinas a los cultivos agrícolas del Cusco. Ángel Flores Bustamante. -- Plantas que afectan la conservación de los restos arqueológicos del Cusco. Horacio Zamalloa Díaz. -- Lista de insectos de Kallanga. Ismael Cevallos Bendezú. -- Hormigas del departamento del Cusco. José Escalante Gutiérrez. -- Nuevo registro de Gasterópodos de la region Sur del Perú. -- Normas para el cuidado y reproducción de peces rojos. -- Poesía botánica. | ||
| 650 |
_aBiología _9881 |
||
| 650 |
_aEcología _94960 |
||
| 650 |
_aInsectos _946969 |
||
| 650 |
_aCusco _9772 |
||
| 700 |
_aZamalloa Díaz, Horacio _946081 |
||
| 700 |
_aEscalante Gutiérrez, José _946974 |
||
| 700 |
_aCevallos Bendezú, Ismael _946975 |
||
| 710 |
_aUniversidad Nacional de San Antonio Abad del Cusco _915942 |
||
| 942 |
_2ddc _cPP |
||
| 945 | _arac | ||